| 000 | 00980cad a22002055a 4500 | ||
|---|---|---|---|
| 001 | E149189 | ||
| 008 | 100128e20100128xxk s000 0 eng d | ||
| 035 | _a(Sirsi) u149189 | ||
| 041 | 0 | _aeng | |
| 110 | 2 |
_aScotland _bScottish Government _95344 |
|
| 245 | 0 | 0 |
_aFarm income estimates _h[electronic resource] |
| 260 | _c2010 | ||
| 490 |
_aScottish Government News Release _v28 January 2010 |
||
| 520 | _aThe latest Aggregate Estimates for Total Income from Farming, and Estimates of Average Net Farm Income have been published, covering 2009 and 2008/9 respectively. The figures suggest that income from farming decreased by £20m in 2009 to £589m, a fall of 2.6% in real terms over the previous year. | ||
| 590 | _aKA | ||
| 651 | 4 |
_aScotland _y1999- |
|
| 690 | _aENVIRONMENTAL AND LAND CONSULTANCY-AGRIBUSINESS-AGRICULTURE | ||
| 856 | 4 | 0 |
_uhttps://www.scotland.gov.uk/News/Releases/2010/01/27110108 _zView the news release free of charge at www.scotland.gov.uk... |
| 942 | _n0 | ||
| 999 |
_c82085 _d82085 |
||